[Event "PRO League KO Stage 2020"]
[Site "chess.com INT"]
[Date "2020.03.02"]
[Round "1"]
[White "Aravindh, Chithambaram VR."]
[Black "Narayanan, Sri"]
[Result "1-0"]
[WhiteElo "2641"]
[BlackElo "2540"]
[PlyCount "73"]
[EventDate "2020.03.02"]
[EventType "team (rapid)"]
[EventRounds "4"]
[SourceTitle "The Week in Chess 1322"]
[Source "Mark Crowther"]
[SourceDate "2020.03.09"]
[SourceVersion "1"]
[SourceVersionDate "2020.03.09"]
[SourceQuality "2"]
[WhiteTeam "India Yogis"]
[BlackTeam "Norway Gnomes"]

1. d4 Nf6 2. Bg5 e6 3. Nd2 h6 4. Bh4 c5 5. e4 g5 6. Bg3 cxd4 7. e5 Nd5 8. h4
gxh4 9. Rxh4 Nc6 10. Bc4 d6 11. Bxd5 exd5 12. Qe2 Be6 13. Ngf3 Be7 14. Rh2 Rc8
15. Nb3 dxe5 16. Nxe5 Bf6 17. Nd3 b6 18. O-O-O Qe7 19. Kb1 Bf5 20. Qd2 Bg5 21.
Bf4 Bxd3 22. Bxg5 Bxc2+ 23. Ka1 Qe5 24. Re1 Be4 25. Bf4 Qg7 26. f3 f5 27. Bxh6
Qg6 28. Reh1 d3 29. fxe4 dxe4 30. Qc3 Kd7 31. Bf4 Rxh2 32. Rxh2 Ne7 33. Qd4+
Ke8 34. a3 Qg4 35. Rh8+ Kf7 36. Rh7+ Ke8 37. Qe5 1-0

[Event "Aeroflot Open A 2019"]
[Site "Moscow RUS"]
[Date "2019.02.21"]
[Round "2.4"]
[White "Aravindh, Chithambaram VR."]
[Black "Safarli, E."]
[Result "1-0"]
[WhiteElo "2601"]
[BlackElo "2681"]
[PlyCount "85"]
[EventDate "2019.02.20"]
[EventType "swiss"]
[EventRounds "9"]
[EventCountry "RUS"]
[SourceTitle "The Week in Chess 1268"]
[Source "Mark Crowther"]
[SourceDate "2019.02.25"]
[SourceVersion "1"]
[SourceVersionDate "2019.02.25"]
[SourceQuality "2"]

1. d4 Nf6 2. Bg5 g6 3. Bxf6 exf6 4. c4 d5 5. cxd5 Qxd5 6. Nc3 Bb4 7. Qa4+ Nc6
8. Qxb4 Nxb4 9. Nxd5 Nxd5 10. Rc1 c6 11. e3 Be6 12. a3 f5 13. Ne2 O-O-O 14. g3
g5 15. Bg2 Kb8 16. Rc5 Nb6 17. h4 h6 18. Nc1 Na4 19. Rc2 f4 20. hxg5 fxe3 21.
fxe3 hxg5 22. Rxh8 Rxh8 23. Nd3 Nb6 24. Nc5 Nd5 25. Kd2 Nf6 26. e4 Rh2 27. Kc3
b6 28. Nxe6 fxe6 29. e5 Nd5+ 30. Bxd5 Rxc2+ 31. Kxc2 exd5 32. b4 Kc7 33. a4 a5
34. bxa5 bxa5 35. Kd3 Kd7 36. Ke3 Ke6 37. Ke2 c5 38. dxc5 Kxe5 39. Ke3 d4+ 40.
Kd3 Kd5 41. c6 Kxc6 42. Kxd4 Kd6 43. Kc4 1-0

[Event "Moscow"]
[Site "Moscow"]
[Date "1986.??.??"]
[Round "?"]
[White "Arkhipov, Sergey"]
[Black "Razuvaev, Yuri S"]
[Result "1-0"]
[WhiteElo "2545"]
[BlackElo "2525"]
[PlyCount "121"]
[EventDate "1986.03.??"]
[EventType "tourn"]
[EventRounds "13"]
[EventCountry "URS"]
[EventCategory "11"]
[SourceTitle "MCL"]
[Source "ChessBase"]
[SourceDate "1999.07.01"]
[SourceVersion "1"]
[SourceVersionDate "1999.07.01"]
[SourceQuality "1"]

1. d4 Nf6 2. Bg5 c6 3. Nf3 Ne4 4. Bh4 Qb6 5. Qc1 d5 6. e3 Bf5 7. Be2 e6 8. O-O
Nd7 9. c4 h6 10. Nc3 g5 11. Bg3 Nxg3 12. hxg3 Bg7 13. cxd5 exd5 14. Qd2 O-O 15.
Bd3 Bxd3 16. Qxd3 Qd8 17. b4 b5 18. a4 a6 19. a5 f5 20. Rac1 Rc8 21. Rc2 Qe7
22. Rfc1 Qe6 23. Nd1 Rf6 24. Nb2 Qd6 25. Qb3 Re6 26. Nd3 Bf6 27. Qb1 Qf8 28.
Qb2 Qe8 29. Rc3 Be7 30. Nfe5 Nxe5 31. Nxe5 Kg7 32. Qb1 Bf8 33. f4 Bd6 34. Kf2
gxf4 35. exf4 Bxe5 36. fxe5 Qh5 37. Rf3 Rf8 38. Rf4 Qg5 39. Rc3 Rg6 40. Rcf3 h5
41. Kg1 h4 42. Rxh4 Qd2 43. Rd3 Qg5 44. Qf1 Qe7 45. Qd1 Rh8 46. Rxh8 Kxh8 47.
Qd2 Qh7 48. Rf3 Qh5 49. Kf2 Kg7 50. Qe3 Kf7 51. Qd3 Rg5 52. Qc2 Qg4 53. Qd2 Qh5
54. Qc1 Qg4 55. Qf4 Ke6 56. Rc3 Kd7 57. e6+ Kxe6 58. Rxc6+ Kf7 59. Rxa6 Kg8 60.
Ra7 Rg7 61. Qxg4 1-0

[Event "Titled Tue 18th Aug"]
[Site "chess.com INT"]
[Date "2020.08.18"]
[Round "7"]
[White "Artemiev, V."]
[Black "Oparin, G."]
[Result "1-0"]
[WhiteElo "2716"]
[BlackElo "2652"]
[PlyCount "101"]
[EventDate "2020.08.18"]
[EventType "swiss (blitz)"]
[EventRounds "10"]
[SourceTitle "The Week in Chess 1346"]
[Source "Mark Crowther"]
[SourceDate "2020.08.24"]
[SourceVersion "1"]
[SourceVersionDate "2020.08.24"]
[SourceQuality "2"]

1. d4 Nf6 2. Bg5 d5 3. e3 e6 4. Nd2 Nbd7 5. f4 h6 6. Bh4 c5 7. c3 Qb6 8. Rb1
Bd6 9. Ngf3 cxd4 10. cxd4 Ne4 11. Nxe4 dxe4 12. Nd2 O-O 13. Be2 Bb4 14. O-O
Bxd2 15. Qxd2 Qd6 16. Qc2 f5 17. Kf2 Nb6 18. Qc5 Qd7 19. Bb5 Qf7 20. Be7 Bd7
21. Bxf8 Bxb5 22. Qxb5 Rxf8 23. Rbc1 Nd5 24. Qb3 g5 25. fxg5 hxg5 26. Kg1 f4
27. exf4 gxf4 28. Qh3 Qg6 29. Rce1 Rf7 30. Qh4 e3 31. Rf3 Rg7 32. Qd8+ Kf7 33.
g3 Qe4 34. Qd7+ Kg8 35. Qe8+ Kh7 36. Qh5+ Kg8 37. Rc1 Nb6 38. Rxf4 Qxf4 39.
Qe8+ Kh7 40. Qh5+ Qh6 41. Qf3 Nd5 42. Qe4+ Qg6 43. Qh4+ Qh6 44. Qe4+ Rg6 45.
Rf1 Qg5 46. Rf7+ Kg8 47. Rxb7 Qg4 48. Qc2 Qf5 49. Qc8+ Qf8 50. Qc2 Rf6 51. Qh7#
1-0

[Event "TCh-RUS Rapid 2021"]
[Site "Sochi RUS"]
[Date "2021.10.15"]
[Round "4.3"]
[White "Artemiev, V."]
[Black "Lysyj, I."]
[Result "1-0"]
[WhiteElo "2699"]
[BlackElo "2603"]
[PlyCount "85"]
[EventDate "2021.10.15"]
[EventType "rapid"]
[SourceVersionDate "2018.05.14"]
[WhiteTeam "Ladya (Respublika Tatarstan)"]
[BlackTeam "Yuzhnyy Ural - 1 (Chelyabinskaya oblast)"]

1. d4 Nf6 2. Bg5 d5 3. Nd2 Nbd7 4. Ngf3 h6 5. Bh4 e6 6. e3 Be7 7. Bd3 b6 8. c3
Bb7 9. Qb1 c5 10. a4 Qc7 11. O-O O-O 12. b4 a5 13. bxc5 bxc5 14. Bg3 Bd6 15.
Bxd6 Qxd6 16. Bb5 Rfb8 17. Qc2 c4 18. e4 Nxe4 19. Nxe4 dxe4 20. Nd2 Nb6 21.
Nxe4 Bxe4 22. Qxe4 Nd5 23. Rac1 Rc8 24. f4 g6 25. Rf3 f5 26. Qe2 Nxf4 27. Rxf4
Qxf4 28. Qxe6+ Kg7 29. Qe7+ Kg8 30. Re1 Qg5 31. Qd6 Kh8 32. h4 Qd8 33. Re8+
Qxe8 34. Bxe8 Rxe8 35. Qf6+ Kh7 36. Qf7+ Kh8 37. Qxg6 Re7 38. Qxh6+ Rh7 39.
Qf6+ Rg7 40. h5 Kh7 41. Qxf5+ Kh6 42. Qf4+ Rg5 43. Qf6+ 1-0

[Event "Titled Tue 18th Aug"]
[Site "chess.com INT"]
[Date "2020.08.18"]
[Round "4"]
[White "Artemiev, V."]
[Black "Sjugirov, S."]
[Result "1-0"]
[WhiteElo "2716"]
[BlackElo "2675"]
[PlyCount "79"]
[EventDate "2020.08.18"]
[EventType "swiss (blitz)"]
[EventRounds "10"]
[SourceTitle "The Week in Chess 1346"]
[Source "Mark Crowther"]
[SourceDate "2020.08.24"]
[SourceVersion "1"]
[SourceVersionDate "2020.08.24"]
[SourceQuality "2"]

1. d4 Nf6 2. Bg5 c5 3. d5 Ne4 4. Bc1 e6 5. dxe6 fxe6 6. g3 d5 7. Bg2 Nf6 8. c4
Nc6 9. Bg5 Be7 10. Bxf6 Bxf6 11. Nc3 Bxc3+ 12. bxc3 Qf6 13. cxd5 O-O 14. Nf3
Qxc3+ 15. Kf1 exd5 16. Rc1 Qf6 17. Rxc5 Be6 18. h4 Rac8 19. h5 Ne5 20. Rxc8
Rxc8 21. Rh4 Ng4 22. Bh3 Ne5 23. Bxe6+ Qxe6 24. Ng5 Qc6 25. Rd4 h6 26. Nh3 Qc1
27. Rxd5 Qxd1+ 28. Rxd1 Rc2 29. Rd5 Ng4 30. Rd8+ Kh7 31. Nf4 Nf6 32. f3 Rc4 33.
e4 Rc1+ 34. Kf2 Rc2+ 35. Ke3 Rc3+ 36. Ke2 Rc2+ 37. Kd3 Rc1 38. Ra8 a6 39. e5
Nd7 40. Ng6 1-0

[Event "Goldmoney Asian Prelim"]
[Site "chess24.com INT"]
[Date "2021.06.27"]
[Round "6.5"]
[White "Artemiev, V."]
[Black "Hou Yifan"]
[Result "1-0"]
[WhiteElo "2704"]
[BlackElo "2658"]
[PlyCount "63"]
[EventDate "2021.06.26"]
[EventType "tourn (rapid)"]
[EventRounds "15"]
[EventCategory "19"]
[SourceTitle "The Week in Chess 1390"]
[Source "Mark Crowther"]
[SourceDate "2021.06.28"]
[SourceVersion "2"]
[SourceVersionDate "2021.06.28"]
[SourceQuality "2"]

1. d4 Nf6 2. Bg5 e6 3. Nd2 d5 4. e3 c5 5. c3 Nc6 6. Ngf3 Be7 7. Bd3 O-O 8. O-O
b6 9. Ne5 Nxe5 10. dxe5 Nd7 11. Bxe7 Qxe7 12. f4 Bb7 13. Qh5 g6 14. Qh6 f6 15.
exf6 Nxf6 16. Qg5 a5 17. Rae1 Ba6 18. Bxa6 Rxa6 19. e4 Qf7 20. f5 exf5 21. exf5
b5 22. fxg6 Qxg6 23. Qe5 Ra7 24. Re3 Rg7 25. Rg3 Qf7 26. Nb3 c4 27. Nd4 Rxg3
28. Qxg3+ Qg6 29. Qd6 Rf7 30. Nf5 Qg5 31. Qe6 Kf8 32. Nd6 1-0

[Event "World Rapid 2018"]
[Site "St Petersburg RUS"]
[Date "2018.12.28"]
[Round "14.4"]
[White "Artemiev, V."]
[Black "Gelfand, B."]
[Result "1-0"]
[WhiteElo "2709"]
[BlackElo "2673"]
[PlyCount "64"]
[EventDate "2018.12.26"]
[EventType "swiss (rapid)"]
[EventRounds "15"]
[EventCountry "RUS"]
[SourceTitle "The Week in Chess 1260"]
[Source "Mark Crowther"]
[SourceDate "2018.12.31"]
[SourceVersion "2"]
[SourceVersionDate "2019.08.03"]
[SourceQuality "2"]

1. d4 Nf6 2. Bg5 d5 3. Nd2 c5 4. e3 Qb6 5. dxc5 Qxb2 6. Rb1 Qc3 7. Bb5+ Nc6 8.
Ngf3 e6 9. O-O Qxc5 10. Bxf6 gxf6 11. c4 Bg7 12. Nb3 Qd6 13. cxd5 exd5 14. Nbd4
O-O 15. Bxc6 bxc6 16. Nh4 f5 17. Nhxf5 Bxf5 18. Nxf5 Qf6 19. Qg4 Rab8 20. g3
Kh8 21. Rfc1 Rxb1 22. Rxb1 Qg6 23. Qf4 Qe6 24. Rb8 Qf6 25. Rb7 c5 26. Rxa7 Qe6
27. Re7 Qf6 28. Rd7 Qa1+ 29. Kg2 Qxa2 30. Qg5 Qb2 31. Nxg7 Qxg7 32. Qxd5 Qg4
1-0

[Event "chess.com Speed 2019"]
[Site "chess.com INT"]
[Date "2019.11.14"]
[Round "2.20"]
[White "Artemiev, V."]
[Black "Aronian, L."]
[Result "1-0"]
[WhiteElo "2746"]
[BlackElo "2758"]
[PlyCount "105"]
[EventDate "2019.09.02"]
[EventType "k.o. (blitz)"]
[EventRounds "4"]
[EventCountry "USA"]
[SourceTitle "The Week in Chess 1306"]
[Source "Mark Crowther"]
[SourceDate "2019.11.18"]
[SourceVersion "1"]
[SourceVersionDate "2019.11.18"]
[SourceQuality "2"]

1. d4 Nf6 2. Bg5 d5 3. Nd2 c5 4. e3 cxd4 5. exd4 Qb6 6. Nb3 Bg4 7. Be2 Bxe2 8.
Qxe2 e6 9. Nf3 Nc6 10. O-O Be7 11. Ne5 a5 12. a4 Rc8 13. Rad1 Qb4 14. f4 Ne4
15. Bxe7 Nxe7 16. Nc5 Nxc5 17. c3 Qb6 18. dxc5 Qxc5+ 19. Kh1 f6 20. Nf3 Qb6 21.
Rde1 O-O 22. Nd4 Rf7 23. Nxe6 Ng6 24. Qd2 Qd6 25. Nd4 Nf8 26. Re3 Qd7 27. b3
Re8 28. Rfe1 Rfe7 29. Rxe7 Rxe7 30. Rxe7 Qxe7 31. Nf5 Qe4 32. Qxd5+ Qxd5 33.
Ne7+ Kf7 34. Nxd5 Ne6 35. b4 axb4 36. cxb4 Nd4 37. Kg1 Ke6 38. Nc3 Nc6 39. b5
Nb4 40. Kf2 Nd5 41. Nxd5 Kxd5 42. a5 Kc5 43. a6 bxa6 44. bxa6 Kb6 45. Ke3 Kxa6
46. Kd4 Kb5 47. Kd5 f5 48. Ke6 Kc4 49. Kf7 Kd4 50. Kxg7 Ke3 51. g3 h5 52. Kg6
h4 53. Kxf5 1-0

[Event "RUS-ch Higher League 70th"]
[Site "Sochi"]
[Date "2017.07.11"]
[Round "9"]
[White "Artemiev, Vladislav"]
[Black "Rakhmanov, Alexander"]
[Result "1-0"]
[WhiteElo "2695"]
[BlackElo "2670"]
[PlyCount "73"]
[EventDate "2017.07.02"]
[EventType "swiss"]
[EventRounds "9"]
[EventCountry "RUS"]
[SourceTitle "CBM 180"]
[Source "ChessBase"]
[SourceDate "2017.09.13"]
[SourceVersion "1"]
[SourceVersionDate "2017.09.13"]
[SourceQuality "1"]

1. d4 Nf6 2. Bg5 Ne4 3. h4 c6 4. Nd2 Qa5 5. Ngf3 d5 6. c3 Bf5 7. Nxe4 Bxe4 8.
Nd2 Bf5 9. e3 h6 10. Bf4 e6 11. g4 Bh7 12. Qb3 Qb6 13. g5 Rg8 14. e4 Nd7 15.
Bg2 Be7 16. O-O-O hxg5 17. hxg5 Bg6 18. Rde1 Kd8 19. Re3 Rc8 20. Reh3 Rf8 21.
Rh8 c5 22. exd5 exd5 23. Qxd5 cxd4 24. Nc4 Qa6 25. Rxf8+ Bxf8 26. Rh8 Rxc4 27.
Bh3 Qc6 28. Rxf8+ Ke7 29. Bd6+ Qxd6 30. Re8+ Kxe8 31. Qxd6 Nb6 32. Qb8+ Ke7 33.
Qxb7+ Kd6 34. Qxa7 Nd5 35. Qd7+ Ke5 36. f4+ Nxf4 37. Qb5+ 1-0

[Event "FIDE World Cup"]
[Site "Tbilisi"]
[Date "2017.09.08"]
[Round "2.6"]
[White "Artemiev, Vladislav"]
[Black "Radjabov, Teimour"]
[Result "1-0"]
[WhiteElo "2692"]
[BlackElo "2742"]
[PlyCount "123"]
[EventDate "2017.09.03"]
[EventType "k.o."]
[EventRounds "7"]
[EventCountry "GEO"]
[SourceTitle "EXT 2018"]
[Source "ChessBase"]
[SourceDate "2017.10.13"]
[SourceVersion "1"]
[SourceVersionDate "2017.10.13"]
[SourceQuality "1"]

1. d4 Nf6 2. Bg5 d5 3. Nd2 c6 4. e3 Bg4 5. Ngf3 Nbd7 6. c4 e6 7. Bd3 Be7 8. Qb3
Qb6 9. Qc2 Bh5 10. O-O Bg6 11. c5 Qd8 12. b4 Bxd3 13. Qxd3 O-O 14. b5 Rc8 15.
bxc6 Rxc6 16. Qb5 Qc7 17. Nb3 a6 18. Qa4 b6 19. Rfc1 Rc8 20. Bf4 Qa7 21. cxb6
Rxc1+ 22. Rxc1 Rxc1+ 23. Nxc1 Qxb6 24. Nb3 Qb5 25. Qa5 Qc4 26. Qc7 Qxc7 27.
Bxc7 Ne4 28. Ba5 Nb8 29. Ne5 f6 30. Nd3 Kf7 31. f3 Nd6 32. Kf2 Nc4 33. Bc3 Nd7
34. e4 Bd6 35. Bb4 Bc7 36. h3 a5 37. Bc3 Ke7 38. g4 Bb6 39. Ke2 Bc7 40. Be1 Kf7
41. Ndc5 Nxc5 42. dxc5 dxe4 43. fxe4 Ke7 44. Bc3 Kd7 45. Kd3 Na3 46. Bxa5 Be5
47. Bb4 Nb5 48. a4 Na7 49. Bc3 Bb8 50. Nd4 Nc6 51. Nf3 Bf4 52. Kc4 Kc7 53. Nd4
Nxd4 54. Bxd4 Kc6 55. a5 Bb8 56. a6 Ba7 57. e5 fxe5 58. Bxe5 g6 59. Bd6 e5 60.
Bxe5 Bxc5 61. Bd4 Be7 62. Be3 1-0

[Event "RUS-ch rapid"]
[Site "Sochi"]
[Date "2017.10.01"]
[Round "8"]
[White "Artemiev, Vladislav"]
[Black "Moskalenko, Alexander"]
[Result "1-0"]
[WhiteElo "2692"]
[BlackElo "2531"]
[PlyCount "105"]
[EventDate "2017.09.30"]
[EventType "swiss (rapid)"]
[EventRounds "11"]
[EventCountry "RUS"]
[SourceTitle "EXT 2018"]
[Source "ChessBase"]
[SourceDate "2017.10.13"]
[SourceVersion "1"]
[SourceVersionDate "2017.10.13"]
[SourceQuality "1"]

1. d4 Nf6 2. Bg5 e6 3. Nd2 h6 4. Bh4 c5 5. e3 Be7 6. Ngf3 b6 7. c3 Bb7 8. Bd3
cxd4 9. cxd4 O-O 10. O-O Nc6 11. Rc1 Nb4 12. Bb1 Ba6 13. Re1 Bd3 14. a3 Bxb1
15. Nxb1 Nc6 16. e4 Ne8 17. Bg3 f5 18. d5 fxe4 19. dxc6 exf3 20. cxd7 Nf6 21.
Rxe6 Rf7 22. Rc7 Bf8 23. Qxf3 Nxd7 24. Qh5 Bc5 25. Re2 Rc8 26. Rxc8 Qxc8 27. h3
Bd4 28. Kh2 Nf6 29. Qg6 Qc6 30. Qd3 Rd7 31. Nd2 Kh8 32. Qg6 Rd8 33. Nf3 h5 34.
Qf5 Rd5 35. Nxd4 Rxd4 36. Re6 Qd7 37. Rxf6 gxf6 38. Qxf6+ Kg8 39. Be5 Rd1 40.
Qh8+ Kf7 41. Qxh5+ Ke6 42. f4 Qd3 43. Qg4+ Kd5 44. h4 Qf1 45. Qf5 Qg1+ 46. Kg3
Qe1+ 47. Kg4 Qe2+ 48. Kg5 Qxg2+ 49. Kf6 Kc6 50. Qc8+ Kb5 51. a4+ Kb4 52. Qc3+
Kxa4 53. Qc4+ 1-0

[Event "RUS-ch blitz"]
[Site "Sochi"]
[Date "2017.10.02"]
[Round "5"]
[White "Artemiev, Vladislav"]
[Black "Sarana, Alexey"]
[Result "1-0"]
[WhiteElo "2692"]
[BlackElo "2541"]
[PlyCount "71"]
[EventDate "2017.10.02"]
[EventType "swiss (blitz)"]
[EventRounds "20"]
[EventCountry "RUS"]
[SourceTitle "EXT 2018"]
[Source "ChessBase"]
[SourceDate "2017.10.13"]
[SourceVersion "1"]
[SourceVersionDate "2017.10.13"]
[SourceQuality "1"]

1. d4 Nf6 2. Bg5 d5 3. Bxf6 exf6 4. e3 c5 5. dxc5 Bxc5 6. c3 Nc6 7. Nf3 Bf5 8.
Nbd2 O-O 9. Be2 a5 10. a4 Qe7 11. O-O Rad8 12. Re1 Be4 13. Bf1 Ne5 14. Nd4 Bd3
15. N2f3 Bxf1 16. Rxf1 Nc4 17. Qc2 g6 18. Rad1 f5 19. Rd3 Qf6 20. Ne2 Rfe8 21.
Qc1 f4 22. Nxf4 Nxe3 23. Rxe3 Rxe3 24. Nxd5 Rxd5 25. fxe3 Rd3 26. Nd4 Qe5 27.
Rf3 Qe4 28. h3 h5 29. Kf2 f5 30. Rf4 Qe5 31. Rf3 Qe4 32. Rf4 Qe5 33. h4 Kh7 34.
g3 b6 35. Ke2 Bxd4 36. cxd4 1-0

[Event "RUS-ch blitz"]
[Site "Sochi"]
[Date "2017.10.02"]
[Round "16"]
[White "Artemiev, Vladislav"]
[Black "Korotylev, Alexey"]
[Result "1-0"]
[WhiteElo "2692"]
[BlackElo "2573"]
[PlyCount "91"]
[EventDate "2017.10.02"]
[EventType "swiss (blitz)"]
[EventRounds "20"]
[EventCountry "RUS"]
[SourceTitle "EXT 2018"]
[Source "ChessBase"]
[SourceDate "2017.10.13"]
[SourceVersion "1"]
[SourceVersionDate "2017.10.13"]
[SourceQuality "1"]

1. d4 Nf6 2. Bg5 e6 3. Nd2 h6 4. Bh4 c5 5. e3 b6 6. Ngf3 Bb7 7. c3 Be7 8. Bd3
O-O 9. O-O d6 10. Qe2 Nbd7 11. e4 Nh5 12. Bxe7 Qxe7 13. g3 e5 14. d5 a6 15. a4
g6 16. Qe3 Kg7 17. Nh4 Nf4 18. Bc2 b5 19. Kh1 Nh5 20. Qe2 c4 21. Qxh5 gxh5 22.
Nf5+ Kf6 23. Nxe7 Kxe7 24. Nf3 Nc5 25. Nh4 Kd7 26. Nf5 Rh8 27. f4 f6 28. Ng7
Raf8 29. axb5 axb5 30. Ra5 Ba6 31. Ne6 Ra8 32. Nxc5+ dxc5 33. fxe5 fxe5 34.
Rf7+ Kc8 35. Rf6 Bb7 36. Rxa8+ Bxa8 37. Bd1 Bb7 38. Bxh5 Kc7 39. Bg4 Ra8 40.
Bf5 Ra1+ 41. Kg2 Rb1 42. d6+ Kb6 43. d7+ Kc7 44. Rf8 Rxb2+ 45. Kh3 Rd2 46. Rc8+
1-0

[Event "Capablanca Memorial Premier 49th"]
[Site "Havana"]
[Date "2014.05.14"]
[Round "6"]
[White "Bacallao Alonso, Yusnel"]
[Black "Dvirnyy, Danyyil"]
[Result "1-0"]
[WhiteElo "2522"]
[BlackElo "2560"]
[PlyCount "37"]
[EventDate "2014.05.08"]
[EventType "tourn"]
[EventRounds "9"]
[EventCountry "CUB"]
[EventCategory "13"]
[SourceTitle "CBM 161"]
[Source "ChessBase"]
[SourceDate "2014.07.16"]
[SourceVersion "1"]
[SourceVersionDate "2014.07.16"]
[SourceQuality "1"]

1. d4 Nf6 2. Bg5 e6 3. e4 h6 4. Bxf6 Qxf6 5. c3 d5 6. e5 Qd8 7. Qg4 Qg5 8. Qd1
Qd8 9. Bd3 c5 10. Ne2 Nc6 11. O-O Bd7 12. Nd2 Qb6 13. Nf3 cxd4 14. Nexd4 Nxd4
15. Nxd4 Qxb2 16. Rb1 Qxc3 17. Rxb7 Bc5 18. Bb5 Bxd4 19. Bxd7+ 1-0

[Event "ch-HUN Rapid 2018"]
[Site "Ajka HUN"]
[Date "2018.07.21"]
[Round "7.1"]
[White "Balog, I1."]
[Black "Erdos, V."]
[Result "1-0"]
[WhiteElo "2540"]
[BlackElo "2619"]
[PlyCount "75"]
[EventDate "2018.07.20"]
[EventType "swiss (rapid)"]
[EventRounds "13"]
[EventCountry "HUN"]
[SourceTitle "The Week in Chess 1237"]
[Source "Mark Crowther"]
[SourceDate "2018.07.23"]
[SourceVersion "1"]
[SourceVersionDate "2018.07.23"]
[SourceQuality "2"]

1. d4 Nf6 2. Bg5 d5 3. Nf3 c5 4. Bxf6 gxf6 5. e3 Nc6 6. c4 cxd4 7. cxd5 Qa5+ 8.
Qd2 dxe3 9. Qxa5 Nxa5 10. b4 f5 11. Nc3 e6 12. Rb1 Bd7 13. bxa5 Rc8 14. Nd1
exf2+ 15. Nxf2 Rc2 16. Rxb7 Rxa2 17. Bb5 Bxb5 18. Rxb5 Rxa5 19. Rb8+ Ke7 20.
dxe6 fxe6 21. O-O Bg7 22. Rb7+ Kf6 23. Nd4 Re8 24. Nc6 Ra4 25. Nd3 Bf8 26. Nde5
Bc5+ 27. Kh1 Bd6 28. Rf7+ Kg5 29. Rxh7 Kf6 30. Rf7+ Kg5 31. Rg7+ Kh6 32. Rd7
Bc5 33. g4 fxg4 34. Rf6+ Kg5 35. Rg6+ Kf5 36. Rf7+ Ke4 37. Rxg4+ Kd5 38. Rxa4
1-0

[Event "CZE-chT 1213"]
[Site "Czechia"]
[Date "2013.02.17"]
[Round "6.3"]
[White "Bartel, Mateusz"]
[Black "Jakubiec, Artur"]
[Result "1-0"]
[WhiteElo "2624"]
[BlackElo "2518"]
[PlyCount "73"]
[EventDate "2012.11.03"]
[EventType "team-tourn"]
[EventRounds "11"]
[EventCountry "CZE"]
[SourceTitle "EXT 2014"]
[Source "ChessBase"]
[SourceDate "2013.11.20"]
[SourceVersion "1"]
[SourceVersionDate "2013.11.20"]
[SourceQuality "1"]
[WhiteTeam "Novoborsky"]
[BlackTeam "Ostrava Labortech"]
[WhiteTeamCountry "CZE"]
[BlackTeamCountry "CZE"]

1. d4 Nf6 2. Bg5 e6 3. Nf3 h6 4. Bh4 c5 5. e3 b6 6. Bd3 Bb7 7. O-O Be7 8. c4
cxd4 9. exd4 d6 10. Nc3 Nbd7 11. Re1 O-O 12. Bg3 a6 13. b4 Nh5 14. Rb1 Nxg3 15.
hxg3 a5 16. a3 axb4 17. axb4 Nf6 18. Qb3 Ba6 19. d5 e5 20. Ra1 Bb7 21. Rxa8
Qxa8 22. Nb5 Bc8 23. c5 bxc5 24. bxc5 dxc5 25. d6 Bd8 26. Nxe5 Qa5 27. Rb1 Be6
28. Bc4 Nd7 29. Nc6 Bxc4 30. Qxc4 Qb6 31. Qd5 Nf6 32. Qf3 c4 33. Nc3 Qc5 34.
Rd1 h5 35. Ne4 Nxe4 36. Qxe4 c3 37. Ne7+ 1-0

[Event "CZE-chT 1314"]
[Site "Czechia"]
[Date "2014.03.22"]
[Round "10.5"]
[White "Bartel, Mateusz"]
[Black "Oral, Tomas"]
[Result "1-0"]
[WhiteElo "2626"]
[BlackElo "2528"]
[PlyCount "83"]
[EventDate "2013.11.02"]
[EventType "team-tourn"]
[EventRounds "11"]
[EventCountry "CZE"]
[SourceTitle "EXT 2015"]
[Source "ChessBase"]
[SourceDate "2014.11.20"]
[SourceVersion "1"]
[SourceVersionDate "2014.11.20"]
[SourceQuality "1"]
[WhiteTeam "Novoborsky"]
[BlackTeam "Lysa nad Labem"]
[WhiteTeamCountry "CZE"]
[BlackTeamCountry "CZE"]

1. d4 Nf6 2. Bg5 Ne4 3. Bf4 c5 4. f3 Qa5+ 5. c3 Nf6 6. d5 e6 7. e4 exd5 8. exd5
d6 9. Na3 Be7 10. Ne2 Nh5 11. Be3 f5 12. Ng3 Nxg3 13. hxg3 Nd7 14. Qc2 O-O 15.
g4 Ne5 16. Nc4 Nxc4 17. Bxc4 h6 18. Bd3 c4 19. Bxc4 fxg4 20. Bd3 Qxd5 21. Bh7+
Kh8 22. Be4 Bf5 23. Bxd5 Bxc2 24. fxg4 Rae8 25. Kd2 Bh7 26. Raf1 Bg8 27. Rxf8
Rxf8 28. Bf3 Bxa2 29. g5 Rf5 30. gxh6 Bd5 31. Bg4 Rf7 32. Bh5 Rf5 33. Bg6 Rf8
34. Bd3 Rf7 35. Rh5 Be6 36. Bxa7 Bf6 37. Be3 Bg4 38. hxg7+ Kxg7 39. Rh7+ Kg8
40. Rxf7 Kxf7 41. Be4 Bc8 42. Bd5+ 1-0

[Event "New York op"]
[Site "Newark"]
[Date "1995.??.??"]
[Round "?"]
[White "Benjamin, Joel"]
[Black "De Firmian, Nick E"]
[Result "1-0"]
[WhiteElo "2570"]
[BlackElo "2590"]
[PlyCount "177"]
[EventDate "1995.04.12"]
[EventType "swiss"]
[EventRounds "9"]
[EventCountry "USA"]
[SourceTitle "EXT 2002"]
[Source "ChessBase"]
[SourceDate "2001.11.25"]
[SourceVersion "1"]
[SourceVersionDate "2001.11.25"]
[SourceQuality "1"]

1. d4 Nf6 2. Bg5 e6 3. e4 h6 4. Bxf6 Qxf6 5. Nc3 Bb4 6. Qd2 Nc6 7. Nf3 e5 8.
dxe5 Nxe5 9. Nd4 O-O 10. Be2 Nc6 11. Ndb5 Ba5 12. O-O a6 13. Na3 Bxc3 14. Qxc3
Qxc3 15. bxc3 Re8 16. Bd3 Na5 17. Nb1 b6 18. c4 d6 19. Nc3 c6 20. Rab1 Rb8 21.
Rb4 Re7 22. Rfb1 Reb7 23. Ra4 Bd7 24. f3 Kf8 25. Kf2 f6 26. h4 Ke7 27. Ke3 Kd8
28. g4 Kc7 29. g5 hxg5 30. hxg5 Ra7 31. gxf6 gxf6 32. Rab4 Raa8 33. f4 Be6 34.
Na4 b5 35. cxb5 axb5 36. Nc3 Rh8 37. a4 Rh3+ 38. Kf2 Bc4 39. axb5 Bxd3 40. cxd3
Rxd3 41. Rc1 Kd7 42. bxc6+ Nxc6 43. Rb7+ Kd8 44. Ne2 Ra7 45. Rxa7 Nxa7 46. f5
Nb5 47. Nf4 Rc3 48. Rh1 Nc7 49. Rh8+ Kd7 50. Rh7+ Kd8 51. Rf7 d5 52. exd5 Ne8
53. Ne6+ Kc8 54. Ke2 Ra3 55. Nd4 Rh3 56. Re7 Nd6 57. Re6 Kd7 58. Rxf6 Rh2+ 59.
Ke3 Rh3+ 60. Nf3 Rh5 61. Kf4 Kc7 62. Ne5 Rh4+ 63. Ng4 Rh1 64. Ne3 Rh4+ 65. Kg5
Re4 66. Re6 Rd4 67. f6 Rd3 68. Kg6 Kd7 69. f7 Rxd5 70. Nxd5 Kxe6 71. f8=Q Kxd5
72. Qe7 Ne4 73. Kf5 Nd6+ 74. Kf4 Nc4 75. Qd8+ Nd6 76. Qd7 Kc5 77. Ke5 Nc4+ 78.
Ke6 Ne3 79. Qd3 Nc4 80. Qc3 Kb5 81. Kd5 Nb6+ 82. Kd4 Nd7 83. Qc8 Nb6 84. Qc7
Na4 85. Qb8+ Nb6 86. Qb7 Ka5 87. Kc5 Na4+ 88. Kc6 Nc3 89. Qb3 1-0